[Event "FRA-ch U14"]
[Site "Troyes"]
[Date "2010.04.11"]
[Round "1"]
[White "Gelas, Christophe"]
[Black "Appriou, Tanguy"]
[Result "1/2-1/2"]
[WhiteElo "2000"]
[BlackElo "1680"]
[PlyCount "84"]
[EventDate "2010.04.11"]
[EventType "swiss"]
[EventRounds "9"]
[EventCountry "FRA"]
[SourceTitle "EXT 2012"]
[Source "ChessBase"]
[SourceDate "2011.11.24"]
[SourceVersion "1"]
[SourceVersionDate "2011.11.24"]
[SourceQuality "1"]

1. d4 d5 2. c4 e6 3. Nc3 Nf6 4. Bg5 Nc6 5. e3 Be7 6. Nf3 h6 7. Bh4 b6 8. cxd5 exd5 9. Ne5 Nxe5 10. dxe5 Nd7 11. Bxe7 Qxe7 12. Qxd5 Rb8 13. Bb5 0-0 14. Bxd7 Bxd7 15. 0-0 c6 16. Qe4 Rfe8 17. f4 Rbc8 18. Rad1 Bg4 19. Rd4 g6 20. Qd3 Red8 21. h3 Rxd4 22. exd4 Bf5 23. Qd2 h5 24. Kh2 Qb4 25. Rd1 Rd8 26. Ne4 Qa4 27. b3 Qa3 28. Nf6+ Kg7 29. Rh1 Qe7 30. g4 hxg4 31. hxg4 Rh8+ 32. Kg1 Rxh1+ 33. Kxh1 Be6 34. Qh2 Bd5+ 35. Kg1 Qd8 36. Qh7+ Kf8 37. Qh8+ Ke7 38. Qxd8+ Kxd8 39. Nxd5 cxd5 40. f5 g5 41. Kf2 b5 42. a3 a5 1/2-1/2